[Event "HUN-chT2 Barcza 2223"]
[Site "Hungary"]
[Date "2023.02.12"]
[Round "3.10"]
[White "Kiss, Ferenc"]
[Black "Foldesi, Tamas"]
[Result "0-1"]
[WhiteElo "1942"]
[BlackElo "1442"]
[PlyCount "55"]
[EventDate "2022.11.20"]
[EventType "team-tourn"]
[EventRounds "7"]
[EventCountry "HUN"]
[SourceTitle "EXT 2025"]
[Source "ChessBase"]
[SourceDate "2024.10.14"]
[SourceVersion "1"]
[SourceVersionDate "2024.10.14"]
[SourceQuality "1"]
[WhiteTeam "Hajduboszormeny"]
[BlackTeam "Nyiregyhaza VSC"]
[WhiteTeamCountry "HUN"]
[BlackTeamCountry "HUN"]

1. e4 c5 2. Nf3 d6 3. d4 cxd4 4. Qxd4 Nf6 5. Nc3 a6 6. Bg5 e5 7. Qe3 Be6 8. 0-0-0 Nbd7 9. Nd5 Bxd5 10. Rxd5 Nxd5 11. exd5 Be7 12. Bxe7 Qxe7 13. Bd3 Nc5 14. Bc4 b5 15. Be2 0-0 16. Bd1 Qb7 17. Ng5 h6 18. h4 Qxd5 19. Bf3 Qxa2 20. g4 Rac8 21. Ne4 Nb3+ 22. Kd1 Qb1+ 23. Ke2 Rxc2+ 24. Nd2 Qxb2 25. Be4 Rxd2+ 26. Kf3 Qd4 27. Rb1 Nc5 28. Rf1 0-1